Câu đặc biệt trong tiểu thuyết Sống Mòn của Nam Cao

Giới thuyết chung. Khảo sát, thống kê, phân loại câu đặc biệt trong tiểu thuyết Sống Mòn của Nam Cao. Giá trị biểu đạt của câu đặc biệt trong tiểu thuyết Sống mòn của Nam Cao

Saved in:
Bibliographic Details
Main Author: Bùi Thị Quy
Other Authors: Tạ Thị Toàn Th.S (Hướng dẫn)
Format: Book
Language:Vietnamese
Published: Đà Nẵng Đà Nẵng Trường Đại học Sư phạm 2009
Subjects:
Tags: Add Tag
No Tags, Be the first to tag this record!
Institutions: Mạng thư viện Đại học Đà Nẵng
LEADER 01476nam a2200337 4500
001 000010967
003 7194
005 20111226161257.0
008 111226s2009 viesd
041 |a vie 
072 |a Khóa luận tốt nghiệp 
082 |a 895.9223  |b BU-Q 
100 1 |a Bùi Thị Quy 
245 1 |a Câu đặc biệt trong tiểu thuyết Sống Mòn của Nam Cao  |c Bùi Thị Quy 
260 |a Đà Nẵng Đà Nẵng  |b Trường Đại học Sư phạm  |c 2009 
300 |a 62 tr.  |c 29 cm 
500 |a Khóa luận tốt nghiệp Đại học. Chuyên ngành: Ngành Cử nhân Ngữ văn 
520 |a Giới thuyết chung. Khảo sát, thống kê, phân loại câu đặc biệt trong tiểu thuyết Sống Mòn của Nam Cao. Giá trị biểu đạt của câu đặc biệt trong tiểu thuyết Sống mòn của Nam Cao 
653 |a Khóa luận tốt nghiệp Đại học 
653 |a Khoa Ngữ văn 
700 1 |a Tạ Thị Toàn  |c Th.S  |e Hướng dẫn 
OWN |a LSP 
AVA |a UDN50  |b LSP  |d 895.9223 BU-Q  |e available  |t Error 5001 Not defined in file expand_doc_bib_avail.  |f 1  |g 0  |h N  |i 0  |k 1 
999 |a From the UDN01 
AVA |a UDN50  |b LSP  |d 895.9223 BU-Q  |e available  |t Error 5001 Not defined in file expand_doc_bib_avail.  |f 1  |g 0  |h N  |i 0  |k 1 
TYP |a Monograph 
TYP |a Printed language 
980 |a Mạng thư viện Đại học Đà Nẵng